000 00581nam a22002297a 4500
003 UA-OsUOA
001 79847
007 ta
008 20111121b un ||||| |||| 00| 0 ukr d
100 _aРид. М.Т.
090 _a821.161.1
_bР49
942 _cBK
040 _aUA-OsUOA
_brus
_cUA-OsUOA
_dUA-OsUOA
245 _aВсадник без головы
300 _a528 с.
955 _a1
041 _arus
080 _a821.161.1
260 _aМ.
_bПравда
_c1982
650 7 _a82 Література. Літературознавство
_2UDC
999 _c366204
_d366204